Jagiellonia Białystok - trenerzy w XXI wieku - Statystyki

Ogólne statystyki
  • Ten quiz został rozwiązany 168 razy
  • Średni wynik to 12 z 24
Statystyki odpowiedzi
Lata pracy Narodowość Trener % Poprawnych
2023-obecnie Polska Adrian Siemieniec
95%
2008-2011 Polska Michał Probierz
95%
2014-2017 Polska Michał Probierz
95%
2017-2019 Polska Ireneusz Mamrot
87%
2021 Polska Ireneusz Mamrot
87%
2012-2013 Polska Tomasz Hajto
72%
2021-2022 Polska/USA Piotr Nowak
71%
2019 Polska Rafal Grzyb
67%
2021 Polska Rafal Grzyb
67%
2022-2023 Polska Maciej Stolarczyk
64%
2011 Polska Czesław Michniewicz
60%
2004-2006 Polska Adam Nawalka
59%
2013-2014 Polska Piotr Stokowiec
57%
2019-2020 Bułgaria Ivaylo Petev
54%
2020-2021 Polska Bogdan Zając
51%
2006-2007 Polska Ryszard Tarasiewicz
25%
2007-2008 Polska Artur Platek
22%
2006 Rosja/Polska Yuriy Shatalov
22%
2008 Polska Dariusz Czykier
12%
2008 Polska Stefan Bialas
12%
2001-2002 Polska Wojciech Łazarek
9%
2002-2004 Polska Witold Mroziewski
8%
2004 Polska Miroslaw Dymek
7%
2006 Polska Miroslaw Dymek
7%
Nie znaleziono quizów pasujących do podanych kryteriów
Rozkład punktacji
Procent ludzi z każdym wynikiem
Percentyl według liczby udzielonych odpowiedzi
Twoja historia wyników
Nie rozwiązałeś tego quizu